000 00633nas a2200217 4500
001 BR8404935
003 BR-BrBNA
005 20231205090014.0
007 ta
008 230509b bl.|||p| |||| 00| 00por d
040 _aBR-BrBNA
_bpor
_cBiblioteca Nacional de Agricultura
041 _a(Pt)
072 _aL02
100 1 _aPupo, N.I.H.
245 1 _aNutricao animal; os problemas do oxalato [equino]
650 _aNUTRICAO ANIMAL
650 _aEQUINO
773 0 _tCasa da Agricultura (Brazil)
_xISSN 0100-6541
_g(Sep-Oct 1984), v. 6(5) p. 30-32
_wBR8404935
909 _a202311
_bLúcia
_c55
_dLúcia Elande
942 _2AGRIS
_n0
_cANA
999 _c115452
_d115452